Law of Limitation and Prescription/ (Record no. 213560)

MARC details
000 -LEADER
fixed length control field 00732nam a22002177a 4500
005 - DATE AND TIME OF LATEST TRANSACTION
control field 20251001154543.0
010 ## - LCCN (DPL NO)
LC control number ENG-146935-936
020 ## - INTERNATIONAL STANDARD BOOK NUMBER
International Standard Book Number 9789349015647(Set of 2 Vols)
Terms of availability 8295.00
035 ## - SYSTEM CONTROL NUMBER
System control number EN-130467-468
037 ## - SOURCE OF ACQUISITION
Source of stock number/acquisition DBAD
Stock number DPL
082 ## - DEWEY DECIMAL CLASSIFICATION NUMBER
Classification number 347.54052
Edition number 17
100 ## - MAIN ENTRY--PERSONAL NAME
Personal name Mitra, U N
245 ## - TITLE STATEMENT
Title Law of Limitation and Prescription/
Statement of responsibility, etc U N Mitra
250 ## - EDITION STATEMENT
Edition statement 17
260 ## - PUBLICATION, DISTRIBUTION, ETC. (IMPRINT)
Place of publication, distribution, etc Gurgaon
Name of publisher, distributor, etc Lexis Nexis
Date of publication, distribution, etc 2025
270 ## - ADDRESS
Address 14th floor building no 10, tower-B, DLF cyber city, phase-II
City Gurgaon
Postal code 122002
300 ## - PHYSICAL DESCRIPTION
Extent dclxxx, 3338p.
Dimensions 25cm(hb)
490 ## - SERIES STATEMENT
Volume number/sequential designation Vol 1, Vol 2
500 ## - GENERAL NOTE
General note Section 1-32 & Articles 1-52 163 (Vol 1)<br/>Articles 53 - 137 (Vol 2)<br/>
942 ## - ADDED ENTRY ELEMENTS (KOHA)
Source of classification or shelving scheme Dewey Decimal Classification
Item type English Books
Classification part 347.54052
Call number suffix MIT
Edition 17
Holdings
Withdrawn status Lost status Materials specified (bound volume or other part) Not for loan Collection code Home library Current library Date acquired Source of acquisition Cost, normal purchase price Full call number Barcode Copy number Cost, replacement price Koha item type
    VOL-1 Not For Loan Reference Central Library Central Library 01/10/2025 Delivery of Books Act Division 4147.50 347.54052 MIT EN-130467 1 4147.50 English Books
    VOL-2 Not For Loan Reference Central Library Central Library 01/10/2025 Delivery of Books Act Division 4147.50 347.54052 MIT EN-130468 1 4147.50 English Books

© Delhi Public Library
Hit Counter
free hit counter